000
00306nam a2200145Ia 4500
100
_a
I.T.B
490
_v
I
942
_c
BK
654
_a
Milling For engg.
245
_a
Milling For Engineering Craftsmen
260
_b
Engg.Industry
_a
England
_c
1974
300
_a
140
546
_a
ENGLISH
999
_c
27438
_d
27438